MARC

LEADER 00000nam0a2200000 4500
001 368282
005 20231102012052.0
035 |a (RuTPU)RU\TPU\retro\25645 
090 |a 368282 
100 |a 20220406d1979 km y0rusy50 ca 
101 0 |a rus 
102 |a RU 
105 |a a z 001zy 
200 1 |a Расчет свай по предельным состояниям  |f Ф. К. Лапшин 
210 |a Саратов  |c Изд-во Саратовского ун-та  |d 1979 
215 |a 153 с.  |c ил. 
320 |a Библиогр.: с. 144-149 
606 1 |a Сваи  |2 stltpush  |3 (RuTPU)RU\TPU\subj\53877  |9 72041 
610 1 |a расчет 
610 1 |a предельные состояния 
610 1 |a висячие сады 
610 1 |a прочностные характеристики 
610 1 |a деформационные характеристики 
610 1 |a группа 
610 1 |a вертикальная нагрузка 
675 |a 624.154  |v 4 
700 1 |a Лапшин  |b Ф. К.  |g Федор Константинович 
801 1 |a RU  |b 63413507  |c 20220406 
801 2 |a RU  |b 63413507  |c 20220406  |g RCR 
942 |c BK